| 000 | 00440nam a2200181Ia 4500 | ||
|---|---|---|---|
| 001 | 8658 | ||
| 005 | 20260306160626.0 | ||
| 008 | 260306t2004||||xx |||||||||||||| ||spa|| | ||
| 041 | _aESP | ||
| 082 |
_a371.26 _bA66 |
||
| 100 |
_aAragón, Laura Edna _eAUT |
||
| 245 | 0 |
_aEvaluación psicológica: _ben el área educativa |
|
| 260 | _c2004 | ||
| 300 |
_a207 páginas : _ccm. |
||
| 650 | _aGEN | ||
| 654 | _aCED | ||
| 942 |
_cLIB _dJUS _fJUS _2ddc _n |
||
| 999 |
_c8658 _d8658 |
||